| 000 | 00677nam a2200217 a 4500 | ||
|---|---|---|---|
| 005 | 20140310183345.0 | ||
| 008 | 070208s19uu xx 00 eng d | ||
| 020 | _a9810699557 | ||
| 050 |
_aRG 951 _b.L124 2006 |
||
| 100 | _aLadewig, Patricia A. | ||
| 245 |
_aA look at contemporary Maternal-Newborn Nursing care / _cPatricia A. Ladewig |
||
| 250 | _a6th ed. | ||
| 260 |
_aJurong, Singapore : _bPearson Education Asia Pte, Ltd, _c2006. |
||
| 300 |
_a974 p. : _bill. ; _c26 cm. |
||
| 521 | _aNUR | ||
| 650 |
_aMaternity nursing _xexaminations, questions, etc. |
||
| 700 | _aLondon, Marcia A. | ||
| 700 | _aDavidson, Michele R. | ||
| 942 |
_cBK _2lcc _kFOR |
||
| 999 |
_c21935 _d21935 |
||